000 01534nam a2200445 i 4500
001 14607
003 KOSZ 005
005 20220628093940.0
008 080916s1966 pl a f 000 0 pol
015 _aPB 1966/7891
035 _a991044904149705066
035 _a(PL-WaBN)b22243689-48omnis_nlop
035 _ab22243689
035 _a(OCoLC)69278370
035 _a(PL)b0000002224368
035 _a(EXLNZ-48OMNIS_NETWORK)9910152894205606
040 _aWA N
_cWA N
_dKOSZ 005/AW
046 _k1966
080 _a658.2/.5
080 _a65.01
100 1 _aGliński, Bohdan
_d(1926-2009)
_eAutor
245 1 0 _aTeorie i praktyka zarządzania przedsiębiorstwami przemysłowymi /
_cBohdan Gliński.
250 _aWydanie 2 poprawione
260 _aWarszawa :
_bPaństwowe Wydawnictwo Ekonomiczne,
_c1966.
300 _a403, [1] strona, [1] strona tablic:
_bilustracje;
_c18 cm.
336 _2rdacontent
_aTekst
_btxt
337 _2rdamedia
_aBez urządzenia posredniczącego
_bn
338 _2rdacarrier
_aWolumin
_bnc
380 _aKsiążki
388 _a1901-2000
504 _aBibliografia na stronach [395]-399.
650 7 _aPrzedsiębiorstwo
_2DBN
650 7 _aPrzemysł
_2DBN
658 _aGospodarka, ekonomia, finanse
658 _aZarządzanie i marketing
710 2 _aPaństwowe Wydawnictwo Ekonomiczne
_4pbl
856 _uhttp://koha.tu.koszalin.pl/cgi-bin/koha/opac-detail.pl?biblionumber=14607
_yKatalog online BPK
942 _2UKD
_cKS
999 _c14607
_d14607